טוען...
Principles & Practice of interconnection networks
| מחבר ראשי: | |
|---|---|
| פורמט: | Printed Book |
| שפה: | English |
| יצא לאור: |
California
Morgan Kaufman
|
| LEADER | 00543nam a2200169 a 4500 | ||
|---|---|---|---|
| 005 | 20160322165147.0 | ||
| 008 | 960221s1955 dcuabcdjdbkoqu001 0deng d | ||
| 020 | |a 0131969811 | ||
| 041 | |a eng | ||
| 082 | |a 004.738.5 DAL | ||
| 100 | |a Dally,William James |9 1914 | ||
| 245 | |a Principles & Practice of interconnection networks | ||
| 260 | |a California |b Morgan Kaufman | ||
| 300 | |a xxiii,550 | ||
| 942 | |c BK |6 _ | ||
| 999 | |c 155262 |d 155262 | ||
| 952 | |0 0 |1 0 |4 0 |6 0047385_DAL |7 0 |9 203155 |a DCS |b DCS |c GEN |d 2013-09-07 |o 004.738.5 DAL |p MCS03963 |r 2013-09-07 |w 2016-03-22 |y BK | ||